গৌড়-বঙ্গের ইতিহাস ও সংস্কৃতি : (Record no. 104453)
[ view plain ]
| 000 -LEADER | |
|---|---|
| fixed length control field | 00828nam a22001937a 4500 |
| 003 - CONTROL NUMBER IDENTIFIER | |
| control field | BD-DhUL |
| 005 - DATE AND TIME OF LATEST TRANSACTION | |
| control field | 20160906162432.0 |
| 008 - FIXED-LENGTH DATA ELEMENTS--GENERAL INFORMATION | |
| fixed length control field | 160904s2005 ii ||||| |||| 00| 0 b d |
| 040 ## - CATALOGING SOURCE | |
| Transcribing agency | BD-DhUL |
| Modifying agency | BD-DhUL |
| 082 ## - DEWEY DECIMAL CLASSIFICATION NUMBER | |
| Classification number | 954.14 |
| Item number | CHG |
| 100 ## - MAIN ENTRY--PERSONAL NAME | |
| Personal name | চট্টোপাধ্যায়, ভাস্কর |
| 245 10 - TITLE STATEMENT | |
| Title | গৌড়-বঙ্গের ইতিহাস ও সংস্কৃতি : |
| Statement of responsibility, etc. | ভাস্কর চট্টোপাধ্যায়, |
| Remainder of title | দ্বিতীয় ভাগ / |
| 260 ## - PUBLICATION, DISTRIBUTION, ETC. (IMPRINT) | |
| Place of publication, distribution, etc. | কলকাতা : |
| Name of publisher, distributor, etc. | গ্রন্থমিত্র, |
| Date of publication, distribution, etc. | ২০০৫. |
| 300 ## - PHYSICAL DESCRIPTION | |
| Extent | ২০৭ পৃ. ; |
| Dimensions | ২১ সে. মি |
| 651 ## - SUBJECT ADDED ENTRY--GEOGRAPHIC NAME | |
| Geographic name | ভারত |
| General subdivision | ইতিহাস |
| 651 ## - SUBJECT ADDED ENTRY--GEOGRAPHIC NAME | |
| Geographic name | India |
| General subdivision | History |
| 700 ## - ADDED ENTRY--PERSONAL NAME | |
| Personal name | সেনগুপ্ত, গৌরাঙ্গ গোপাল |
| 942 ## - ADDED ENTRY ELEMENTS (KOHA) | |
| Source of classification or shelving scheme | |
| Koha item type | Books |
| Price effective from | Date last seen | Permanent Location | Not for loan | Date acquired | Source of classification or shelving scheme | Koha item type | Lost status | Withdrawn status | Copy number | Source of acquisition | Collection code | Damaged status | Shelving location | Barcode | Current Location | Full call number |
|---|---|---|---|---|---|---|---|---|---|---|---|---|---|---|---|---|
| 2016-09-06 | 2016-09-06 | Dhaka University Library | 2016-09-06 | Books | 1 | Purchased | Non Fiction | General Stacks | 421583 | Dhaka University Library | 954.14 CHG | |||||
| 2016-09-06 | 2016-09-06 | Dhaka University Library | 2016-09-06 | Books | 2 | Purchased | Non Fiction | General Stacks | 421584 | Dhaka University Library | 954.14 CHG | |||||
| 2016-09-06 | 2016-09-06 | Dhaka University Library | 2016-09-06 | Books | 2 | Purchased | Non Fiction | General Stacks | 421582 | Dhaka University Library | 954.14 CHG | |||||
| 2016-09-06 | 2016-09-06 | Dhaka University Library | 2016-09-06 | Books | 2 | Purchased | Non Fiction | General Stacks | 421581 | Dhaka University Library | 954.14 CHG |
